000 01477cam a2200397 a 4500
001 12985209
003 Ost
005 20140310184354.0
008 021029s2003 nyua c 000 1 eng
010 _a 2002152124
020 _a0439401860
020 _a0439401879 (pbk.)
040 _aDLC
_cDLC
_dDLC
041 1 _aeng
_hspa
042 _alcac
050 0 0 _aPZ 7
_b.Se4796 2006
100 1 _aSepúlveda, Luis,
_d1949-
_925415
240 1 0 _aHistoria de una gaviota y del gato que le enseñó a volar.
_lEnglish
245 1 4 _aThe story of a seagull and the cat who taught her to fly /
_cby Luis Sepúlveda ; translated from the Spanish by Margaret Sayers Peden ; illustrated by Chris Sheban.
250 _a1st American ed.
260 _aNew York :
_bArthur A. Levine Books,
_c2006.
300 _a126 p. :
_bill. ;
_c24 cm.
521 _aG6
526 _c880
650 1 _aGulls
_vFiction.
_925416
650 1 _aCats
_vFiction.
_925417
650 1 _aFlight
_vFiction.
_925418
650 1 _aOil spills
_vFiction.
_925419
700 1 _aPeden, Margaret Sayers.
_917196
700 1 _aSheban, Chris,
_eill.
_925420
856 4 2 _3Publisher description
_uhttp://www.loc.gov/catdir/description/schol051/2002152124.html
906 _a7
_bcbc
_corignew
_d1
_eecip
_f20
_gy-gencatlg
942 _2lcc
_cBK-SCHOLAS
999 _c33988
_d33988